000 00417nam a2200181Ia 4500
001 707
005 20260306140537.0
008 260306t2005||||xx |||||||||||||| ||spa||
041 _aESP
082 _a142.7
_bP28
100 _aPatocka, Jan
_eAUT
245 0 _aIntroducción a la fenomenología
260 _c2005
300 _a277 páginas :
_c21 cm.
650 _aGEN
654 _aCHU
942 _cLIB
_dJUS
_fJUS
_2ddc
_n
999 _c707
_d707